000 00561nam a2200217 a 4500
001 11586
003 CO-ViMGA
008 141112s2004 ck r 000 u spa d
020 _a8426412254
040 _aCO-ViMGA
_bspa
_cCO-ViMGA
082 0 4 _a859.3 E74s
100 1 _aEliade, Mircea
245 1 0 _aLa seƱorita Cristina
250 _a2
260 _aBarcelona,
_ceditorial Lumen,
_c1994
300 _a182 p.
490 _aPalabra en el tiempo novela : 225
650 1 4 _aFANTASMAS - NOVELA
_916131
650 1 4 _aNOVELA - HUMANA
_916132
942 _2ddc
_cBK
999 _c22775
_d22775